000 00428nam a2200181Ia 4500
001 11590
005 20260306162839.0
008 260306t1993||||xx |||||||||||||| ||spa||
041 _aESP
082 _a985.4
_bL65 T. 2
100 _aLinares Málaga, Eloy
_eAUT
245 0 _aPre historia de Arequipa
260 _c1993
300 _a432 páginas :
_c32 cm.
650 _aGEN
654 _aCHU
942 _cLIB
_dJUS
_fJUS
_2ddc
_n
999 _c11590
_d11590